Ser catalán, ¿qué es eso? / Josep Maria Puigjaner, Adriana López i Garrido
Descripción Física:
126 p. : il. ; 20 cm
Colección:
Colección Navidad ; 76
Otros Autores:
López i Garrido, Adriana
Materias:
Cultura catalana
MARC
| LEADER | 00000nam a2200000Ia 4500 | ||
|---|---|---|---|
| 001 | 1442 | ||
| 008 | 160829s1984 xx 000 0 cat d | ||
| 080 | |a H-1-215 | ||
| 100 | |a Puigjaner, Josep Maria |9 24029 | ||
| 245 | |a Ser catalán, ¿qué es eso? / Josep Maria Puigjaner, Adriana López i Garrido | ||
| 260 | |a Barcelona : |b Hogar del Libro, |c 1984 | ||
| 300 | |a 126 p. : |b il. ; |c 20 cm | ||
| 490 | |a Colección Navidad ; 76 | ||
| 650 | 0 | |a Cultura catalana |9 42871 | |
| 700 | |a López i Garrido, Adriana |9 25319 | ||
| 901 | |a Arxiu | ||
| 942 | |n 1 | ||
| 952 | |0 0 |1 0 |4 0 |6 H1215 |7 1 |9 43548 |a Arxiu |b Arxiu |d 2016-12-01 |l 0 |o H-1-215 |p 1442 |r 2016-12-01 00:00:00 |w 2016-12-01 |y ARXIU | ||
| 999 | |c 46094 |d 46094 | ||